| 000 | 00661nam a2200205 4500 | ||
|---|---|---|---|
| 001 | 139087 | ||
| 003 | ES-MaACL | ||
| 005 | 20251015145630.0 | ||
| 007 | t| | ||
| 008 | 070214s1983 sp r ||||1| spa d | ||
| 100 | 0 |
_aSanz y Díaz, José, _d1907-1988 _9103694 |
|
| 245 | 1 | 0 |
_aBiografía del cardenal Cisneros / _cJosé Sanz y Díaz. |
| 260 |
_aBarcelona : _bLa Gaya Ciencia, _c1983. |
||
| 300 |
_a135 p. ; _c18 cm. |
||
| 490 | 1 |
_aMoby Dick ; _v140. Biografías |
|
| 600 | 1 | 4 |
_aJiménez de Cisneros, Francisco, _d1436-1517 _966495 |
| 830 | 1 |
_aMoby Dick ; _v140. Biografías _9179510 |
|
| 852 |
_aES-MaACL _jL-5938 |
||
| 999 |
_c139087 _d139087 |
||